Las islas malvinas /

Guardado en:
Autor Principal: Groussac, Paul
Formato: Libro
Publicado: Buenos Aires : C. P. B. P., 1936
Materias:
Etiquetas: Agregar Etiqueta
Sin Etiquetas, Sea el primero en etiquetar este registro!
LEADER 00915nam a22002175a 4500
001 CEM.cems009323
005 20090226085129.0
008 130507s1936##################000#0#####d
003 CEMS
082 0 4 |a 997.11 
100 1 |a Groussac, Paul 
245 1 0 |a Las islas malvinas /  |c Paul Groussac 
260 |a Buenos Aires :  |b C. P. B. P.,  |c 1936 
300 |a 200 p. 
500 |a Edición castellana ordenada por el Congreso de la Nación Argentina (ley 11904) 
505 0 |a La ocupación actual -- Los viajes de descubrimientos -- Las primeras ocupaciones -- Documentos -- Versión española de los State Papers relativos al incidente de 1770-1771 
653 |a Islas malvinas 
653 |a Islas malvinas-historia 
859 |a CEMS  |b BIB. CEMS - 11 de abril  |h 997.11  |i G918  |p 9333.81  |t Ej.1 
859 |a CEMS  |b BIB. CEMS - 11 de abril  |h 997.11  |i G918  |p 9346.81  |t Ej.2 
859 |a CEMS  |b BIB. CEMS - 11 de abril  |h 997.11  |i G918  |p 9388.81  |t Ej.3